| 000 | 00426nam a2200145 i 4500 | ||
|---|---|---|---|
| 001 | 90606 | ||
| 003 | ES-MaACL | ||
| 007 | t| | ||
| 008 | 050121s1966 sp ||||1| spa d | ||
| 100 | 1 |
_aLehmkuhl, Carlos. _971345 |
|
| 245 | 1 | 0 |
_aGénesis del sistema solar por una acción eléctrica / _cCarlos Lehmkuhl. |
| 260 |
_aBarcelona : _bSintes, _c[1966] |
||
| 300 |
_a110 p. : _bil. ; _c22 cm. |
||
| 852 |
_aES-MaACL _jG-5050 _bR.70253 |
||
| 999 |
_c90606 _d90606 |
||